In vitro plant breeding (Record no. 43016)

MARC details
000 -LEADER
fixed length control field 00482nam a2200181Ia 4500
020 ## - INTERNATIONAL STANDARD BOOK NUMBER
ISBN 1560229071
082 ## - DEWEY DECIMAL CLASSIFICATION NUMBER
Classification number 575:631.52
Item number TAJ
100 ## - MAIN ENTRY--AUTHOR NAME
Personal name Taji, Akram
245 #0 - TITLE STATEMENT
Title In vitro plant breeding
260 ## - PUBLICATION, DISTRIBUTION, ETC. (IMPRINT)
Place of publication New York
Name of publisher The Haworth Press
Year of publication 2002
650 ## - SUBJECT ADDED ENTRY--TOPICAL TERM
Topical Term Cryopreservation
650 ## - SUBJECT ADDED ENTRY--TOPICAL TERM
Topical Term In vitro culture
650 ## - SUBJECT ADDED ENTRY--TOPICAL TERM
Topical Term Molecular markers
650 ## - SUBJECT ADDED ENTRY--TOPICAL TERM
Topical Term Molecular plant breeding
650 ## - SUBJECT ADDED ENTRY--TOPICAL TERM
Topical Term Plant tissue culture
942 ## - ADDED ENTRY ELEMENTS (KOHA)
Koha item type Books
Holdings
Withdrawn status Lost status Damaged status Not for loan Home library Current library Date acquired Cost, normal purchase price Full call number Accession Number Koha item type
        RRII Library RRII Library 16/12/2021 36.99 575:631.52 TAJ 23280 Books